<?xml version="1.0" encoding="UTF-8"?>
<record
    xmlns:xsi="http://www.w3.org/2001/XMLSchema-instance"
    xsi:schemaLocation="http://www.loc.gov/MARC21/slim http://www.loc.gov/standards/marcxml/schema/MARC21slim.xsd"
    xmlns="http://www.loc.gov/MARC21/slim">

  <leader>05045nam a2200457Ia 4500</leader>
  <controlfield tag="001">dia_5336</controlfield>
  <controlfield tag="003">CHAP</controlfield>
  <controlfield tag="005">20251103134829.0</controlfield>
  <controlfield tag="007">ta</controlfield>
  <controlfield tag="008">220117s2013    mx abdofrm    001 0 spa d</controlfield>
  <datafield tag="010" ind1=" " ind2=" ">
    <subfield code="a">176273</subfield>
  </datafield>
  <datafield tag="040" ind1=" " ind2=" ">
    <subfield code="c">CHAP</subfield>
    <subfield code="a">mxchpua</subfield>
    <subfield code="e">rda</subfield>
  </datafield>
  <datafield tag="041" ind1="0" ind2=" ">
    <subfield code="a">spa</subfield>
    <subfield code="b">eng</subfield>
  </datafield>
  <datafield tag="090" ind1=" " ind2=" ">
    <subfield code="a">Tesis </subfield>
    <subfield code="b">G66 </subfield>
    <subfield code="c">2013</subfield>
  </datafield>
  <datafield tag="100" ind1="1" ind2=" ">
    <subfield code="a">G&#xF3;mez P&#xE9;rez, Alonso</subfield>
  </datafield>
  <datafield tag="240" ind1="1" ind2="0">
    <subfield code="a">Design and implementation of control of sale of tomato (Lycopersicum esculentum Mill.) in Tlapacoyan and Martinez de la Torre, Veracruz.</subfield>
    <subfield code="l">Espa&#xF1;ol</subfield>
  </datafield>
  <datafield tag="245" ind1="1" ind2="0">
    <subfield code="a">Dise&#xF1;o e implementaci&#xF3;n de control de venta de jitomate (Lycopersicum esculentum Mill.) en Tlapacoyan y Mart&#xED;nez de la Torre, Ver. /</subfield>
    <subfield code="c">Alonso G&#xF3;mez P&#xE9;rez</subfield>
  </datafield>
  <datafield tag="264" ind1=" " ind2=" ">
    <subfield code="a">Chapingo, M&#xE9;xico :</subfield>
    <subfield code="b">El autor,</subfield>
    <subfield code="c">2013</subfield>
  </datafield>
  <datafield tag="300" ind1=" " ind2=" ">
    <subfield code="a">45 hojas :</subfield>
    <subfield code="b">ilustraciones,mapas gr&#xE1;ficas, diagramas, tablas, fotos +</subfield>
    <subfield code="e">1 CD-ROM</subfield>
  </datafield>
  <datafield tag="336" ind1=" " ind2=" ">
    <subfield code="2">rdacontent</subfield>
    <subfield code="a">texto</subfield>
    <subfield code="b">txt</subfield>
  </datafield>
  <datafield tag="337" ind1=" " ind2=" ">
    <subfield code="2">rdamedia</subfield>
    <subfield code="a">no mediado</subfield>
    <subfield code="b">n</subfield>
  </datafield>
  <datafield tag="338" ind1=" " ind2=" ">
    <subfield code="2">rdacarrier</subfield>
    <subfield code="a">volumen</subfield>
    <subfield code="b">nc</subfield>
  </datafield>
  <datafield tag="500" ind1=" " ind2=" ">
    <subfield code="a">El CD contiene el reporte</subfield>
  </datafield>
  <datafield tag="502" ind1=" " ind2=" ">
    <subfield code="a">Informe de Estancia Preprofesional </subfield>
    <subfield code="b">(Ingeniero Agroindustrial) -- </subfield>
    <subfield code="c">UACh. Departamento de Ingenier&#xED;a Agroindustrial, </subfield>
    <subfield code="d">2013</subfield>
  </datafield>
  <datafield tag="504" ind1=" " ind2=" ">
    <subfield code="a">Bibliograf&#xED;a: hojas 41-42</subfield>
  </datafield>
  <datafield tag="520" ind1="3" ind2=" ">
    <subfield code="a">El objetivo principal de la Estancia Pre-Profesional (EPP) es vincular el &#xE1;mbito profesional del exterior con los nuevos profesionistas que han concluido o est&#xE1;n por terminar su formaci&#xF3;n acad&#xE9;mica, como una opci&#xF3;n de vinculaci&#xF3;n con el sector productivo, que ser&#xE1; un aprendizaje m&#xE1;s en la vida profesional. En el presente informe se describe detalladamente lo que se hizo en la EPP de acuerdo a las actividades asignadas, una de ellas y la m&#xE1;s importante son el dise&#xF1;o y la implementaci&#xF3;n de un control de ventas de jitomate, esto con el fin de obtener informaci&#xF3;n que ayude a conocer aspectos importantes de la comercializaci&#xF3;n de jitomate. Para obtener resultados satisfactorios fue necesario involucrarse directamente con la venta de jitomate, esto fue clave para llegar al objetivo. Se hizo uso de herramientas muy sencillas, como notas de remisi&#xF3;n y libretas y equipo de oficina para obtener registros y as&#xED; elaborar informes parciales de cada viaje. Con la notas se obtuvo la cantidad vendida, calidad, precio de venta y clientes potenciales, las mermas fueron identificadas gracias a las devoluciones de los diversos super&#xB4;s a los que se les hace entrega. Finalmente, logr&#xF3; obtenerse un estado financiero de la comercializaci&#xF3;n mediante una propuesta de base de datos hecha con los importes totales de los informes parciales de cada viaje. Estos informes se reportaban en una semana m&#xE1;xima despu&#xE9;s de la fecha de recibo para tener un margen de seguridad con la informaci&#xF3;n de los datos que se generaba en la venta de jitomate. Gracias a este proceso se obtuvieron beneficios por  parte de la empresa, ya que &#xE9;sta ocupa dicha informaci&#xF3;n para sacar sus balances generales mensuales y decidir seguir con el proyecto de comercializaci&#xF3;n. </subfield>
  </datafield>
  <datafield tag="520" ind1="3" ind2=" ">
    <subfield code="a">The main purpose of the Stay Pre-Professional (EPP) is to link the professional field outside the new professionals who have concluded or are about to complete their education, as an option in connection with the productive sector, it will be a learning professional life. This report describes in detail what was done in the EPP according to assigned activities, one of them and the most important is the design and implementation of a control tomatoes sales, this in order to get information to help meet important marketing aspects of tomatoes. For satisfactory results it was necessary to engage directly with the sale of tomatoes, this was key to reaching the objectives. It made use of simple tools, such as delivery notes and notebooks and office equipment and records for partial reporting of each trip. With the notes was obtained quantities, quality, price and potential customers, the losses were identified through returns of various super's those hands them.  Finally succeeded obtained a financial statement of marketing through a proposed database made with the total amounts of progress reports for each trip. These reports were reported in a week maximum after the date of receipt to have a safety margin with the data information that was generated by the sale of tomatoes. Through this process benefits were obtained by the company, since it takes that information to draw their monthly balance sheets and decide to continue or not with the marketing project. </subfield>
  </datafield>
  <datafield tag="650" ind1="1" ind2="3">
    <subfield code="a">Tomate</subfield>
    <subfield code="x">Mercadeo</subfield>
    <subfield code="z">M&#xE9;xico</subfield>
    <subfield code="z">Veracruz  </subfield>
  </datafield>
  <datafield tag="650" ind1="1" ind2="3">
    <subfield code="a">Tomatoes</subfield>
    <subfield code="x">Marketing</subfield>
    <subfield code="z">Mexico</subfield>
    <subfield code="z">Veracruz</subfield>
  </datafield>
  <datafield tag="700" ind1="1" ind2=" ">
    <subfield code="a">P&#xE9;rez Rom&#xE1;n, Arturo</subfield>
    <subfield code="e">director</subfield>
  </datafield>
  <datafield tag="700" ind1="1" ind2=" ">
    <subfield code="a">Espejel Zaragoza, Jos&#xE9; Alfredo</subfield>
    <subfield code="e">asesor</subfield>
  </datafield>
  <datafield tag="700" ind1="1" ind2=" ">
    <subfield code="a">Ponce Hern&#xE1;ndez, Pedro</subfield>
    <subfield code="e">asesor</subfield>
  </datafield>
  <datafield tag="856" ind1="4" ind2="1">
    <subfield code="u">http://10.13.5.2/tesis/sist109495.pdf</subfield>
    <subfield code="y">DESCARGAR PDF</subfield>
  </datafield>
  <datafield tag="901" ind1=" " ind2=" ">
    <subfield code="a">TESIS G66 2013</subfield>
  </datafield>
  <datafield tag="902" ind1=" " ind2=" ">
    <subfield code="a">M</subfield>
  </datafield>
  <datafield tag="905" ind1=" " ind2=" ">
    <subfield code="a">5232272013                          mx dnml8222223322spa16</subfield>
  </datafield>
  <datafield tag="942" ind1=" " ind2=" ">
    <subfield code="c">TESIS</subfield>
    <subfield code="2">Clasificaci&#xF3;n Universidad Aut&#xF3;noma Chapingo</subfield>
  </datafield>
  <datafield tag="999" ind1=" " ind2=" ">
    <subfield code="c">176273</subfield>
    <subfield code="d">176273</subfield>
  </datafield>
  <datafield tag="952" ind1=" " ind2=" ">
    <subfield code="0">0</subfield>
    <subfield code="1">0</subfield>
    <subfield code="2">local</subfield>
    <subfield code="4">0</subfield>
    <subfield code="5">5</subfield>
    <subfield code="7">0</subfield>
    <subfield code="8">TESIS</subfield>
    <subfield code="a">IA_</subfield>
    <subfield code="b">IA_</subfield>
    <subfield code="d">2022-01-18</subfield>
    <subfield code="e">El autor</subfield>
    <subfield code="l">1</subfield>
    <subfield code="o">Tesis G66 2013</subfield>
    <subfield code="p">1101007738</subfield>
    <subfield code="r">2024-09-12 14:54:58</subfield>
    <subfield code="s">2024-09-12</subfield>
    <subfield code="t">Ej. 3</subfield>
    <subfield code="w">2022-01-18</subfield>
    <subfield code="y">CD</subfield>
  </datafield>
  <datafield tag="952" ind1=" " ind2=" ">
    <subfield code="0">0</subfield>
    <subfield code="1">0</subfield>
    <subfield code="2">local</subfield>
    <subfield code="4">0</subfield>
    <subfield code="5">1</subfield>
    <subfield code="7">0</subfield>
    <subfield code="8">TESIS</subfield>
    <subfield code="a">IA_</subfield>
    <subfield code="b">IA_</subfield>
    <subfield code="d">2022-01-18</subfield>
    <subfield code="e">El autor</subfield>
    <subfield code="l">0</subfield>
    <subfield code="o">Tesis G66 2013</subfield>
    <subfield code="p">1101007736</subfield>
    <subfield code="r">2026-02-02 00:00:00</subfield>
    <subfield code="t">Ej. 1</subfield>
    <subfield code="w">2022-01-18</subfield>
    <subfield code="y">TESIS</subfield>
  </datafield>
  <datafield tag="952" ind1=" " ind2=" ">
    <subfield code="0">0</subfield>
    <subfield code="1">0</subfield>
    <subfield code="2">local</subfield>
    <subfield code="4">0</subfield>
    <subfield code="5">1</subfield>
    <subfield code="7">0</subfield>
    <subfield code="8">TESIS</subfield>
    <subfield code="a">IA_</subfield>
    <subfield code="b">IA_</subfield>
    <subfield code="d">2022-01-18</subfield>
    <subfield code="e">El autor</subfield>
    <subfield code="l">0</subfield>
    <subfield code="o">Tesis G66 2013</subfield>
    <subfield code="p">1101007737</subfield>
    <subfield code="r">2022-01-18 00:00:00</subfield>
    <subfield code="t">Ej. 2</subfield>
    <subfield code="w">2022-01-18</subfield>
    <subfield code="y">CD</subfield>
  </datafield>
  <datafield tag="952" ind1=" " ind2=" ">
    <subfield code="0">0</subfield>
    <subfield code="1">0</subfield>
    <subfield code="2">local</subfield>
    <subfield code="4">0</subfield>
    <subfield code="7">0</subfield>
    <subfield code="8">TesDigL</subfield>
    <subfield code="a">IA_</subfield>
    <subfield code="b">IA_</subfield>
    <subfield code="c">E_L</subfield>
    <subfield code="d">2024-09-04</subfield>
    <subfield code="e">El autor</subfield>
    <subfield code="l">0</subfield>
    <subfield code="p">1201007736</subfield>
    <subfield code="r">2024-09-04 12:58:04</subfield>
    <subfield code="w">2024-09-04</subfield>
    <subfield code="y">TD</subfield>
  </datafield>
</record>
